[Event "FIDE Chesscom Grand Swiss 2019"]
[Site "Douglas-Isle of Man"]
[Date "2019.10.12"]
[Round "3.11"]
[White "Vidit, Santosh Gujrathi"]
[Black "Chigaev, Maksim"]
[Result "1-0"]
[WhiteElo "2718"]
[BlackElo "2644"]
[Annotator "TA"]
[PlyCount "77"]
[EventDate "2019.10.10"]
[EventType "swiss"]
[EventCountry "GBR"]
[SourceTitle "playchess.com"]
[Source "ChessBase"]
[SourceQuality "1"]

{[%evp 9,77,16,27,16,11,11,41,39,49,52,57,50,73,41,38,56,69,68,79,29,92,33,44,34,102,94,93,96,95,64,94,75,99,96,124,110,227,221,235,234,345,333,329,329,386,299,298,290,270,268,374,319,402,409,514,508,569,550,1075,1063,972,729,687,679,1238,1238,1122,625,1543,845]} 1. c4 Nf6 2. Nc3 g6 3. g3 Bg7 4. Bg2 O-O 5. d4 Nc6 6. e3 {E61: King's Indian: Early deviations for White, including Smyslov System} (6. Nf3 d5 7. cxd5 Nxd5 8. O-O e5 9. Nxd5 e4 10. Nd2 Qxd5 11. e3 f5 12. b3 Be6 13. Ba3 Rfd8 14. Rc1 Qd7 15. Qc2 Rac8 16. Rfd1 {0-1 (91) Duda,J (2737)-Grischuk,A (2766) chess.com INT 2018}) 6... e5 7. d5 Nb8 8. d6 {White is slightly better.} cxd6 9. Qxd6 $146 ({Predecessor:} 9. Nge2 d5 10. Nxd5 d6 11. Nec3 Nc6 12. O-O Be6 13. Nxf6+ Bxf6 {1-0 (52) Flores,D (2579)-Kayumov,S (2505) Doha 2016}) 9... Nc6 10. Nge2 Ne8 11. Qd3 f5 12. e4 Nc7 13. O-O Ne6 14. f4 Nb4 (14... exf4 $11 15. Nxf4 d6) 15. Qd1 ({White should play} 15. Qd6 $16 Nc6 16. Be3) 15... fxe4 $14 16. Bxe4 d5 ({Black should try} 16... d6 $14) 17. Nxd5 $16 Nxd5 18. Bxd5 ({Much weaker is} 18. Qxd5 $6 Qb6+ 19. Kh1 Rd8 $11) 18... Qb6+ 19. Kg2 Kh8 20. fxe5 Rxf1 21. Qxf1 {[#] Threatens to win with Qf7.} Bd7 22. Qf2 Qb4 (22... Qxf2+ $16 {was necessary.} 23. Kxf2 Bxe5) 23. Nf4 $18 Rf8 {With the idea ...g5.} 24. Qe2 (24. Qxa7 Nxf4+ 25. gxf4 Bc6 $16) 24... Nd4 {[#]} (24... Qe7 $142 25. Be3 Nxf4+ 26. Bxf4 (26. gxf4 g5 $18) 26... g5) 25. Qe4 $1 {[%csl LRb7,LRd4] White wants to mate with Nxg6+!} Nf5 {Black hopes to continue with ...Ne7.} 26. Nd3 ({Not} 26. Bxb7 Ne3+ 27. Bxe3 (27. Qxe3 Qxb7+ 28. Kg1 g5 $16) 27... Qxb2+ 28. Bf2 Bf5 $16) 26... Qa4 {...Qc2+ is the strong threat.} 27. b3 Qa5 28. Bf4 Ne7 29. Bxb7 Bf5 30. Qe3 Qc3 31. Rd1 Qc2+ 32. Rd2 {White is clearly winning.} Qb1 {intending ...g5.} 33. Nf2 g5 34. Bxg5 Ng6 35. Rd8 Rxd8 36. Bxd8 Nxe5 37. Bc7 Qb2 38. Bxe5 Bxe5 39. Qf3 {Accuracy: White = 64%, Black = 44%.} 1-0

[Event "FIDE Chesscom Grand Swiss 2019"]
[Site "Douglas-Isle of Man"]
[Date "2019.10.12"]
[Round "3.11"]
[White "Boruchovsky, Avital"]
[Black "Kryvoruchko, Yuriy"]
[Result "0-1"]
[WhiteElo "2533"]
[BlackElo "2669"]
[Annotator "TA"]
[PlyCount "106"]
[EventDate "2019.10.10"]
[EventType "swiss"]
[EventCountry "GBR"]
[SourceTitle "playchess.com"]
[Source "ChessBase"]
[SourceQuality "1"]

{[%evp 9,105,20,23,22,21,9,16,12,12,8,13,0,0,0,6,0,0,-2,0,0,0,-74,-64,-172,-164,-171,-156,-254,-241,-252,-237,-237,-219,-224,-235,-215,-227,-222,-214,-220,-211,-285,-284,-373,-379,-620,-610,-629,-623,-604,-273,-582,-118,-134,-114,-118,-108,-186,-175,-175,-179,-679,-577,-12834,-12835,-12833,-409,-390,-346,-359,-223,-12825,-358,-433,-418,-1562,-1531,-12835,-12832,-2327,-1609,-12840,-12836,-12835,-12835,-29985,-29986,-29986,-29987,-29987,-29988,-29996,-29997,-29997,-29998,-29998,-29999,-29999]} 1. e4 e5 2. Nf3 Nc6 3. Bb5 Nf6 4. d3 Bc5 5. Bxc6 dxc6 6. Nbd2 {C65: Ruy Lopez: Berlin Defence (3...Nf6), unusual lines and 4 0-0 Bc5} Bg4 (6... Be6 7. O-O Nd7 8. Nb3 Bb6 9. Ng5 Bxb3 10. axb3 Qe7 11. Nf3 O-O 12. Nd2 Nc5 13. Nc4 f6 {1-0 (102) Dominguez Perez,L (2763)-Wang,H (2726) Khanty-Mansiysk 2019}) 7. h3 Bh5 8. Nb3 {The position is equal.} Bd6 9. Be3 $146 ({Predecessor:} 9. Bd2 b6 10. g4 Bg6 11. Nh4 a5 12. Qf3 Qd7 13. Nf5 Bxf5 14. gxf5 {½-½ (98) Robson,R (2649)-Swiercz,D (2654) New York 2018}) 9... Nd7 10. g4 Bg6 11. Qd2 Qe7 12. Nh4 a5 (12... Qxh4 $2 13. Bg5 $18) (12... Bb4 $5 13. c3 $8 Bd6 $11) 13. a4 Bb4 (13... Qxh4 $2 14. Bg5 $18) 14. c3 Bc5 15. Ng2 (15. Bxc5 $11 {remains equal.} Qxh4 16. Be3) 15... f6 $17 16. O-O (16. Qc2 $15) 16... Bxe3 $1 $19 17. Qxe3 h5 18. Nd2 (18. g5 $17) 18... hxg4 19. hxg4 O-O-O 20. d4 exd4 21. cxd4 c5 $40 {[%mdl 128] Black attacks with force.} (21... Qd6 22. f4 $17) 22. d5 Rh6 23. f4 Rdh8 24. Ra3 Bf7 25. Nc4 g5 26. Nxa5 gxf4 27. Rxf4 $2 (27. Qxf4 Bg6 28. Nc4) 27... Ne5 28. Qb3 b6 29. Nc4 Rh1+ 30. Kf2 Rc1 $2 (30... R8h2 $19 {is more deadly. ...Nxc4 is the strong threat.} 31. Nce3 Ng6) 31. Nxb6+ $17 ({Don't blunder} 31. Nxe5 $2 Qxe5 32. Kg3 Rch1 $19) 31... cxb6 32. Qxb6 {Threatens to win with Rb3.} Qb7 33. a5 (33. Qxb7+ $17 Kxb7 34. Ne3) 33... Nd7 $1 $19 {[%cal Rd7b6]} 34. Qc6+ Kb8 $1 35. Kg3 $2 (35. Qxb7+ Kxb7 36. a6+ Ka8 37. Kg3) 35... Qxb2 36. Qxd7 {Black must now prevent Qd6+.} Qxa3+ {[%mdl 64] Double Attack} 37. Rf3 {[#]} Qb2 (37... Rh3+ $142 $1 {[%mdl 512]} 38. Kxh3 Qxf3+ {[%mdl 64] Double Attack} 39. Kh2 Rc2 $1 {[%mdl 512]} 40. Qd8+ Kb7 $1 {[%mdl 512]} 41. Qb6+ Kc8 $1 {[%mdl 512]} 42. Qa6+ Kd7 $1 {[%mdl 512]} 43. Qb7+ Kd6 $1 {[%mdl 512]} 44. Qb8+ Ke7 $1 {[%mdl 512]} 45. d6+ Ke6 $1 {[%mdl 512]} 46. Qc8+ Kxd6 47. Qd8+ Ke5 $1 {[%mdl 512]} 48. Qb8+ Kxe4) 38. Qd6+ Ka7 39. Qe7+ Ka8 {( -> ...Rg1)} 40. Rxf6 $2 (40. Qxf6 Qxf6 41. Rxf6) 40... Qb8+ $2 (40... Qc3+ 41. Rf3 Rh3+ $1 {[%mdl 576] Deflection, Decoy} 42. Kxh3 Qxf3+ 43. Kh2 Rc2 $1 {[%mdl 512]} 44. Qd8+ Kb7 $1 {[%mdl 512]} 45. Qb6+ Kc8 $1 {[%mdl 512]} 46. Qa6+ Kd7 $1 {[%mdl 512]} 47. Qb7+ Kd6 $1 {[%mdl 512]} 48. Qb8+ Ke7 $1 {[%mdl 512]} 49. Qe5+ Kd7 $1 {[%mdl 512]} 50. Qf5+ Qxf5 51. gxf5 Re2) 41. d6 Be8 42. g5 (42. Ne3 $142 Bc6 43. Rf7) 42... Bc6 43. g6 Rc3+ 44. Kg4 Qc8+ 45. Kf4 Re8 46. d7 Qb8+ ({Stronger than} 46... Rxe7 47. dxc8=Q+ Ka7 48. Qxc6 Rb3 49. Qxc5+ Ka8 50. Qxe7 Rb5 51. Rf8+ Rb8 52. g7 Rxf8+ 53. gxf8=Q#) 47. Qd6 Rxe4+ {Black mates.} ({Not} 47... Bxd7 48. g7 $17) 48. Kf5 Rf3+ 49. Kg5 {[#]} Rg3+ $1 {[%mdl 64] Double Attack} 50. Kf5 {[#]} Bxd7+ $1 51. Kxe4 (51. Qxd7 Qe5#) 51... Qb4+ {[%mdl 64] Double Attack} 52. Ke5 Rg5+ 53. Rf5 Rxf5# {Accuracy: White = 42%, Black = 82%.} 0-1

[Event "FIDE Chesscom Grand Swiss 2019"]
[Site "Douglas-Isle of Man"]
[Date "2019.10.12"]
[Round "3.12"]
[White "Berkes, Ferenc"]
[Black "Bjerre, Jonas Buhl"]
[Result "1/2-1/2"]
[WhiteElo "2667"]
[BlackElo "2506"]
[Annotator "TA"]
[PlyCount "57"]
[EventDate "2019.10.10"]
[EventType "swiss"]
[EventCountry "GBR"]
[SourceTitle "playchess.com"]
[Source "ChessBase"]
[SourceQuality "1"]

{[%evp 9,57,0,4,6,12,4,12,5,24,18,10,9,14,12,4,9,19,6,2,0,0,0,0,0,0,0,0,0,0,0,0,0,0,0,0,0,0,0,0,0,0,-19,-32,-32,0,0,0,-28,0,0]} 1. d4 Nf6 2. Nf3 e6 3. Bf4 d5 4. e3 Bd6 5. Bg3 O-O 6. c4 {D02: 1 d4 d5 2 Nf3 sidelines, including 2...Nf6 3 g3 and 2...Nf6 3 Bf4} c5 7. dxc5 Bxc5 8. Nc3 dxc4 9. Bxc4 a6 10. Qc2 $146 ({Predecessor:} 10. O-O b5 11. Bd3 Bb7 12. Qe2 Nbd7 13. Rad1 Qb6 {1-0 (53) Carlsen,M (2840)-Jakovenko,D (2704) Doha 2016}) 10... Nbd7 11. Rd1 b5 12. Bd3 Qb6 13. O-O h6 14. Ne5 Nxe5 15. Bxe5 Bb7 16. Bxf6 gxf6 17. Be4 Rfd8 18. Bxb7 Qxb7 19. Ne4 {[%cal Bc3e4,Be4g3,Bg3h5][%mdl 32]} Be7 20. Ng3 Rac8 21. Qe2 Qc6 22. Qg4+ Kh7 23. Qh5 Kg7 24. Qg4+ Kh7 25. Nh5 {[%csl Gh5][%cal Rg4g7] [#]} Rg8 26. Qh3 Rgd8 27. Qg4 {[%csl Gh5][%cal Rg4g7]} Rg8 28. Qh3 Rgd8 29. Qg4 {Accuracy: White = 85%, Black = 57%.} 1/2-1/2

[Event "FIDE Chesscom Grand Swiss 2019"]
[Site "Douglas-Isle of Man"]
[Date "2019.10.12"]
[Round "3.12"]
[White "Bluebaum, Matthias"]
[Black "Matlakov, Maxim"]
[Result "1/2-1/2"]
[WhiteElo "2643"]
[BlackElo "2716"]
[Annotator "TA"]
[PlyCount "61"]
[EventDate "2019.10.10"]
[EventType "swiss"]
[EventCountry "GBR"]
[SourceTitle "playchess.com"]
[Source "ChessBase"]
[SourceQuality "1"]

{[%evp 13,61,6,13,10,7,0,8,0,0,0,0,0,0,0,0,0,0,0,21,8,20,16,35,18,10,6,20,10,18,14,22,24,15,21,0,23,151,10,0,0,0,0,0,0,0,0,0,0,0,0]} 1. d4 Nf6 2. c4 e6 3. Nf3 d5 4. Nc3 c6 5. e3 Nbd7 6. Be2 Bd6 7. O-O O-O 8. a4 {D45: Semi-Slav: 5 e3} a5 (8... Qe7 9. a5 Re8 10. Bd2 Rb8 11. Qc2 h6 12. e4 Nxe4 13. Nxe4 dxe4 14. Qxe4 e5 15. Rfe1 Nf6 16. Qc2 e4 17. Ne5 c5 {0-1 (17) Giri,A (2780)-Duda,J (2730) chess.com INT 2019}) 9. Qc2 Qe7 10. Rd1 Re8 11. b3 b6 12. e4 $146 ({Predecessor:} 12. Bb2 Bb7 13. Rac1 Rac8 14. Qb1 Nb8 15. Bd3 Nbd7 16. Be2 h6 17. h3 Nb8 18. Bd3 Nbd7 19. Be2 Nb8 20. Bd3 Nbd7 21. Be2 {½-½ (21) Purnama,T (2400)-Sveshnikov,E (2494) Khanty-Mansiysk 2010}) 12... Nxe4 13. Nxe4 dxe4 14. Qxe4 Bb7 15. Ne5 f5 16. Qe3 Nf6 {[%cal Bd7f6,Bf6h5,Bh5f4,Bf4h3][%mdl 32]} 17. Bb2 c5 18. Bf3 Bxf3 19. gxf3 Nh5 20. dxc5 Bxc5 21. Bd4 Qh4 $1 22. Bxc5 bxc5 23. Qxc5 Nf4 {[#] ( -> ...Qh3)} ({Of course not} 23... Qg5+ $6 24. Kh1 $16) 24. Kh1 $1 Rad8 (24... Nh3 $11 25. Rf1 Rad8) 25. Qe3 ({Resist} 25. Rxd8 $6 Rxd8 26. Rg1 (26. Qxa5 Qg5 $15) 26... Nh3 $16) (25. Qa7 $16) 25... Nh3 $1 $11 {[%cal Rh3f2] The position is equal.} 26. Rxd8 Rxd8 27. Rf1 Nf4 {[#] And now ...Qg5 would win.} 28. Rg1 {Strongly threatening Nc6.} Nh3 29. Rf1 Nf4 {aiming for ...Qg5.} 30. Rg1 {Threatens to win with Nc6.} Nh3 31. Rf1 {Accuracy: White = 48%, Black = 71%.} 1/2-1/2

[Event "FIDE Chesscom Grand Swiss 2019"]
[Site "Douglas-Isle of Man"]
[Date "2019.10.12"]
[Round "3.13"]
[White "Lupulescu, Constantin"]
[Black "Amin, Bassem"]
[Result "1/2-1/2"]
[WhiteElo "2643"]
[BlackElo "2699"]
[Annotator "TA"]
[PlyCount "62"]
[EventDate "2019.10.10"]
[EventType "swiss"]
[EventCountry "GBR"]
[SourceTitle "playchess.com"]
[Source "ChessBase"]
[SourceQuality "1"]

{[%evp 31,62,12,14,14,9,10,12,1,12,0,0,0,0,0,0,0,0,0,0,0,0,-9,0,0,0,0,0,0,0,0,0,0,0]} 1. e4 c6 2. d4 d5 3. Nc3 dxe4 4. Nxe4 Bf5 5. Ng3 Bg6 6. h4 h6 7. Nf3 Nd7 8. h5 Bh7 9. Bd3 Bxd3 10. Qxd3 e6 11. Bd2 Ngf6 12. O-O-O Be7 13. Ne4 Nxe4 14. Qxe4 Nf6 15. Qe2 Qd5 16. c4 Qe4 {The position is equal.} 17. Qxe4 {B19: Classical Caro-Kann: 4...Bf5 main line} Nxe4 18. Be3 f5 19. Nd2 Nxd2 20. Kxd2 Kf7 21. Ke2 Rhd8 22. Rd3 Rd7 23. Rhd1 Rad8 24. f3 Bf6 25. b3 a6 {[#]} 26. R1d2 $146 ({Predecessor:} 26. Bf2 Ke7 27. Bg1 Kf7 28. Be3 Ke7 29. Bf2 Kf7 30. Be3 Ke7 {½-½ (30) Mchedlishvili,M (2626)-Turov,M (2658) Tashkent 2012}) 26... Rd6 27. Rd1 R6d7 28. g4 b5 29. R1d2 Ke7 30. Rd1 Kf7 31. R1d2 Ke7 {Accuracy: White = 84%, Black = 80%.} 1/2-1/2

[Event "FIDE Chesscom Grand Swiss 2019"]
[Site "Douglas-Isle of Man"]
[Date "2019.10.12"]
[Round "3.13"]
[White "Gukesh D"]
[Black "Saric, Ivan"]
[Result "0-1"]
[WhiteElo "2520"]
[BlackElo "2667"]
[Annotator "TA"]
[PlyCount "66"]
[EventDate "2019.10.10"]
[EventType "swiss"]
[EventCountry "GBR"]
[SourceTitle "playchess.com"]
[Source "ChessBase"]
[SourceQuality "1"]

{[%evp 12,66,50,49,44,1,17,-11,43,-9,0,-15,41,-11,0,0,0,0,13,-95,-85,-92,0,-42,-25,-30,31,43,34,-72,-78,-184,-144,-212,-112,-95,-107,-543,-543,-524,-532,-593,-587,-466,-327,-434,-448,-1316,-1271,-1064,-1054,-1068,-811,-1504,-6071,-29983,-3235]} 1. d4 Nf6 2. c4 g6 3. Nc3 Bg7 4. e4 d6 5. h3 O-O 6. Be3 c6 7. Nf3 Na6 {E90: King's Indian: Classical: Early deviations and 6 h3} 8. Nd2 Nd7 9. g4 c5 (9... Nb6 $11) 10. d5 ({White should play} 10. Nb3 $14) 10... e6 $11 11. Be2 $146 ({Predecessor:} 11. a3 Nc7 12. Be2 exd5 13. exd5 Qe7 14. Nde4 f5 15. gxf5 gxf5 16. Nxc5 {0-1 (27) Danchevski,O (2388)-Tkachiev,V (2623) Skopje 2014}) 11... Re8 (11... Nc7 $11) 12. Nb5 (12. dxe6 $14 Rxe6 13. Qb3) 12... exd5 13. cxd5 Nf6 14. Nc3 Rb8 15. h4 (15. g5 $11 {remains equal.} Nh5 16. a3 (16. Bxh5 gxh5 17. a3 h4 $11)) 15... b5 $1 $17 {Threatens to win with ...b4.} 16. g5 Nh5 ({Better is} 16... b4 $17 17. gxf6 bxc3 18. bxc3 (18. fxg7 cxd2+ 19. Qxd2 Rxe4 $17) 18... Bxf6) 17. Nxb5 Qd7 18. a4 $1 Bxb2 (18... Nb4 $11) 19. Rb1 $14 Bg7 20. Na3 (20. Bxh5 $14 gxh5 21. Bf4 (21. Qxh5 Nc7 $15)) 20... Nb4 $1 $17 21. Bb5 {[#]} (21. Kf1 $17) 21... Rxb5 $1 $19 {[%mdl 512]} 22. axb5 (22. Nxb5 $17 {might work better.} a6 23. Na3) 22... f5 (22... Bc3 $1 $19 23. f3 Nxd5 $1 {[%mdl 512]}) 23. gxf6 $17 Nxf6 24. Nc2 $2 {[%mdl 8192]} (24. Qf3 $17 {nothing else works.}) 24... Nxe4 $19 25. Nxe4 Rxe4 26. Nxb4 {Nc6 is the strong threat.} cxb4 27. Qe2 {White hopes to continue with f3.} Qf5 28. Rd1 b3 29. Rd3 (29. f3 $142 Ra4 30. h5) 29... b2 30. Kd2 Rb4 31. Rb1 Bd7 32. Qd1 Bxb5 33. Ra3 {[#]} Rxh4 {Accuracy: White = 16%, Black = 42%.} (33... Rf4 $142 $1 {[%mdl 512]} 34. Qf1 (34. Bxf4 Qxf4+) 34... Bxf1 35. Rxf1 Qxd5+ 36. Rd3 {[#]} Qa2 $1 {[%mdl 512]} 37. Rb1 Qxb1 38. Bxf4 Qh1 39. Rb3 Qc1+ 40. Kd3 Qd1+ {[%mdl 64] Double Attack} 41. Kc4 d5+ 42. Kc5 Qxb3 43. Kd6 b1=Q 44. Be5 Bxe5+ 45. Ke6 Qf5+ {[%mdl 64] Double Attack} 46. Ke7 Qf7+ 47. Kd8 Qb8#) 0-1

[Event "FIDE Chesscom Grand Swiss 2019"]
[Site "Douglas-Isle of Man"]
[Date "2019.10.12"]
[Round "3.14"]
[White "Piorun, Kacper"]
[Black "Sargissian, Gabriel"]
[Result "0-1"]
[WhiteElo "2643"]
[BlackElo "2690"]
[Annotator "TA"]
[PlyCount "82"]
[EventDate "2019.10.10"]
[EventType "swiss"]
[EventCountry "GBR"]
[SourceTitle "playchess.com"]
[Source "ChessBase"]
[SourceQuality "1"]

{[%evp 13,82,0,4,8,0,0,0,7,0,0,8,0,33,31,25,23,24,23,39,41,76,72,69,70,80,70,73,71,66,64,77,21,22,30,20,23,69,60,70,0,0,0,0,-32,0,-20,-36,-107,-99,-100,-101,-99,-102,-231,-218,-673,-660,-657,-647,-914,-888,-1464,-1498,-1277,-937,-868,-868,-724,-720,-712,-705]} 1. d4 Nf6 2. c4 e6 3. Nc3 Bb4 4. Bd2 O-O 5. e3 d5 6. Nf3 b6 7. cxd5 ({Predecessor:} 7. Rc1 Be7 8. cxd5 exd5 9. Ne5 c5 10. Bd3 Bb7 {½-½ (56) Aczel,G (2553)-Kantor,G (2506) Budapest 2017}) 7... exd5 8. Rc1 $146 {E51: Nimzo-Indian: Rubinstein: 4...0-0 5 Nf3 d5} (8. Bd3 Bb7 9. O-O Bd6 10. Rc1 c5 11. Ne5 Nc6 12. Ng4 Nxg4 13. Qxg4 c4 14. Bb1 Ne7 15. Nb5 f5 16. Qe2 a6 17. Nxd6 Qxd6 18. f3 b5 19. Be1 Ng6 20. Ba5 Ne7 21. Be1 Ng6 22. Ba5 Ne7 23. Be1 {½-½ (23) Nakamura,H (2743)-Giri,A (2779) Saint Louis 2019}) 8... Bb7 9. Bd3 Be7 10. O-O {The position is equal.} c5 11. Ne5 Nc6 12. Be1 cxd4 13. Nxc6 Bxc6 14. Ne2 {[%cal Bc3e2,Be2d4,Bd4f5][%mdl 32]} Bb7 {White should prevent ...dxe3.} 15. Nxd4 Ne4 16. Nf5 Bf6 17. Bb4 Re8 18. Bb5 a5 {Hoping for ...Re5.} 19. Ba3 {Threatens to win with f3.} Re6 20. Nd4 Bxd4 21. Qxd4 h5 22. Rfd1 (22. Be2 $16) 22... Qh4 $11 23. Rc2 {aiming for f3.} Rc8 24. Re2 Qg5 25. f3 Nc5 26. Rc1 (26. b3 $14) 26... Bc6 27. Bxc6 Rexc6 28. Rd1 b5 (28... Ne6 $5 {[%cal Re6d4]} 29. Qd2 Rc2 $15) 29. b3 Ne6 $36 {[%mdl 2048] Black has some pressure.} 30. Qd3 {[#]} ({White should play} 30. Qd2 $1 $15) 30... d4 $1 $17 {[%cal Rd4e3][%mdl 512] Strongly threatening ...dxe3.} 31. f4 (31. exd4 Nf4) 31... Qg4 {...Rc3 is the strong threat.} 32. h3 Qg3 33. Qe4 {[#]} (33. Bb2 $17 {might work better.}) 33... Rc3 $1 $19 {[%cal Rc3e3]} 34. Bd6 $2 (34. Bb2 Rxe3 35. Rxe3 dxe3 36. Rf1) 34... Rxe3 {Black is clearly winning.} 35. Rxe3 dxe3 ({Not} 35... Qxe3+ 36. Qxe3 dxe3 37. f5 $17) 36. Rf1 {[#]} Nd4 $1 {[%mdl 512]} 37. Be5 (37. Qxd4 e2) 37... e2 38. Rb1 e1=Q+ {[%mdl 64] Decoy} 39. Rxe1 {[#]} Nf3+ $1 {[%mdl 576] Deflection} 40. Qxf3 Qxe1+ 41. Kh2 h4 {Accuracy: White = 52%, Black = 56%.} (41... Rc1 $2 42. Qxh5 Qg1+ 43. Kg3 $19) 0-1

[Event "FIDE Chesscom Grand Swiss 2019"]
[Site "Douglas-Isle of Man"]
[Date "2019.10.12"]
[Round "3.14"]
[White "Keymer, Vincent"]
[Black "Sjugirov, Sanan"]
[Result "1-0"]
[WhiteElo "2506"]
[BlackElo "2662"]
[Annotator "RC"]
[PlyCount "105"]
[EventDate "2019.10.10"]
[EventType "swiss"]
[EventCountry "GBR"]
[SourceTitle "playchess.com"]
[Source "ChessBase"]
[SourceQuality "1"]
[TimeControl "40/6000+30:20/3000+30:900+30"]

1. d4 {[%emt 0:00:00]} g6 {[%emt 0:00:00]} 2. c4 {[%emt 0:01:29]} Bg7 {[%emt 0:00:01]} 3. Nf3 {[%emt 0:01:04]} d6 {[%emt 0:00:30]} 4. g3 {[%emt 0:02:00]} c5 {[%emt 0:00:54]} 5. d5 {[%emt 0:18:20]} b5 {[%emt 0:00:56]} 6. cxb5 {[%emt 0:01:13]} Qa5+ {[%emt 0:00:57]} 7. Nc3 {[%emt 0:02:50]} a6 {[%emt 0:00:49]} 8. b6 {[%emt 0:00:37]} Qxb6 {[%emt 0:21:13]} 9. Nd2 {[%emt 0:03:58]} Nf6 {[%emt 0:07:37]} 10. Bg2 {[%emt 0:07:26]} O-O {[%emt 0:07:03]} 11. O-O {[%emt 0:03:32]} Nbd7 {[%emt 0:03:02]} 12. b3 {[%emt 0:12:07]} a5 {[%emt 0:17:08]} 13. Nc4 {[%emt 0:01:49]} Qa6 {[%emt 0:06:02]} 14. Na4 {[%emt 0:08:50]} Ng4 {[%emt 0:02:52]} 15. Bb2 {[%emt 0:00:34]} Bxb2 {[%emt 0:13:44]} 16. Naxb2 {[%emt 0:00:35]} Nge5 {[%emt 0:03:11]} 17. Nxe5 {[%emt 0:06:57]} Nxe5 {[%emt 0:00:08]} 18. f4 {[%emt 0:00:13]} Nd7 {[%emt 0:01:51]} 19. Rc1 {[%emt 0:06:13]} Nb6 {[%emt 0:01:21]} 20. a4 {[%emt 0:00:48]} Bg4 {[%emt 0:01:45]} 21. Rf2 {[%emt 0:02:24]} Rfc8 {[%emt 0:05:41]} 22. h3 {[%emt 0:03:02]} Bd7 {[%emt 0:00:06]} 23. e4 {[%emt 0:01:45]} Qa7 {[%emt 0:00:29]} 24. f5 {[%emt 0:07:16]} f6 {[%emt 0:01:23]} 25. h4 {[%emt 0:04:11]} Kg7 {[%emt 0:03:44]} 26. g4 {[%emt 0:00:34]} Rf8 {[%emt 0:04:29]} 27. g5 {[%emt 0:02:52]} Rf7 {[%emt 0:02:02]} 28. Nd3 {[%emt 0:04:07]} c4 {[%emt 0:01:10]} 29. Nf4 {[%emt 0:00:47]} cxb3 {[%emt 0:01:24]} 30. Qxb3 {[%emt 0:00:06]} Nxa4 {[%emt 0:01:10]} 31. Qg3 {[%emt 0:01:21]} fxg5 {[%emt 0:00:57]} 32. Qxg5 {[%emt 0:00:51]} Raf8 {[%emt 0:00:13]} 33. Rcf1 {[%emt 0:01:29]} Bxf5 {[%emt 0:01:59]} 34. exf5 {[%emt 0:00:15]} Rxf5 {[%emt 0:00:04]} 35. Ne6+ {[%emt 0:02:08]} Kg8 {[%emt 0:00:04]} 36. Nxf8 {[%emt 0:00:15]} Rxg5 {[%emt 0:00:23]} 37. hxg5 {[%emt 0:00:04]} Qe3 {[%emt 0:00:41]} 38. Kh1 {[%emt 0:01:55]} Nc5 {[%emt 0:01:24]} 39. Nxh7 {[%emt 0:01:36]} Nd7 {[%emt 0:00:12]} 40. Nf8 {[%emt 0:00:07]} Nc5 {[%emt 0:00:45]} 41. Nxg6 {[%emt 0:50:39]} Qxg5 {[%emt 0:11:05]} 42. Rf8+ {[%emt 0:00:00]} Kg7 {[%emt 0:00:05]} 43. R1f7+ {[%emt 0:00:00]} Kxg6 {[%emt 0:00:08]} 44. Rg8+ {[%emt 0:00:00]} Kxf7 {[%emt 0:00:04]} 45. Rxg5 {[%emt 0:00:00]} Kf6 {[%emt 0:00:03]} 46. Rh5 {[%emt 0:00:00]} a4 {[%emt 0:00:08]} 47. Bf1 {[%emt 0:00:00]} Ne4 {[%emt 0:00:34]} 48. Kg2 {[%emt 0:00:00]} Nc3 {[%emt 0:00:05]} 49. Bc4 {[%emt 0:00:00]} a3 {[%emt 0:00:06]} 50. Kf3 {[%emt 0:00:00]} e6 {[%emt 0:03:11]} 51. dxe6 {[%emt 0:00:00]} d5 {[%emt 0:00:05]} 52. Rxd5 {[%emt 0:00:00]} a2 {[%emt 0:01:18]} 53. Ra5 {[%emt 0:00:00]} 1-0